Science Quiz

Random Science Quiz

Birth Defects Quiz Stats

 Plays Quiz not verified by Sporcle

Score 0/41 Timer 15:00
0 Plays Today
Description Birth Defect % Correct
abnormal openings between lips or roof of mouthcleft lip/cleft palate
78.9%
defect in lumbar vertebrae leading to protrusion of meninges or spinal cordspina bifida
73.7%
urethral opening on ventral side of penishypospadia
63.2%
accumulation of fluid in skull, large headhydrocephalus
63.2%
intestines fail to retract after herniation in development, covered by membraneomphalocele
57.9%
absence and degeneration of brain and skullanencephaly
57.9%
extra fingers or toespolydactyly
57.9%
reversed body orientationsitus inversus
52.6%
pulmonary stenosis, ventricular septal defect leading to right ventricle hypertrophy, overriding aortatetralogy of fallot (TOF)
52.6%
intestines protrude into scrotuminguinal hernia
52.6%
blockage in pyloric sphincter of stomachpyloric stenosis
47.4%
intestines herniate through abdominal wall defect, not covered by membranegastroschisis
47.4%
narrowed pulmonary trunk from heartpulmonary stenosis
47.4%
testes fail to descend into scrotumcryptorchidism
47.4%
multiple little spleens or no spleen at allpolysplenia/asplenia
42.1%
enlarged colon, lack of innervation in distal digestive tracthirschsprung disease
42.1%
aorta and pulmonary trunk on wrong sides of hearttransposition of great vessels (TGD)
42.1%
midline head and facial defect ranging from cleft lip to cyclopiaholoprosencephaly
36.8%
blockage of esophagusesophageal atresia
36.8%
ring-shaped pancreas around the gutannular pancreas
36.8%
abnormal remnant of yolk sac on small intestinemeckel's diverticulum
36.8%
Description Birth Defect % Correct
narrow, non-existent anusanal atresia
31.6%
rectum, urinary tract, vagina fusedpersistent cloaca
31.6%
aorta and pulmonary trunk not separatedpersistent truncus arteriosus (PTA)
31.6%
legs fused together (mermaid syndrome)sirenomelia
31.6%
protrusion of brain or membranes into large cyst on headencephalocele
31.6%
fingers or toes attached togethersyndactyly
31.6%
abnormal connection between trachea and esophagustracheoesophageal fistula
26.3%
bladder opens externallybladder exstrophy
26.3%
cystic mass in neckcervical cyst
26.3%
hands and feet missing digits, have median cleftssplit hand-foot malformation
26.3%
heart shaped uterusbicornate uterus
26.3%
double uterusuterus didelphys
21.1%
small jaw, downward slanting eyestreacher-collins syndrome
21.1%
short bones in digitsbrachydactyly
21.1%
misshapen nails, kneecaps, elbowsnail-patella syndrome
21.1%
reduced or absent limb bonesphocomelia
21.1%
absence of sacral, lumbar vertebraecaudal regression
15.8%
oddly shaped head and braincraniosynostosis
15.8%
various upper limb malformations, heart defectsholt-oram syndrome
15.8%
bone syndactyly, maxillary hypoplasia, craniosynostosis, oral/craniofacial abnormalitiesapert syndrome
5.3%

You're not logged in!

Compare scores with friends on all Sporcle quizzes.
OR
Log In

Show Comments

Extras

Created Oct 15, 2010ReportNominate
Tags:birth, description

Top Quizzes Today


Score Distribution

Your Account Isn't Verified!

In order to create a playlist on Sporcle, you need to verify the email address you used during registration. Go to your Sporcle Settings to finish the process.

Report this User

Report this user for behavior that violates our Community Guidelines.

Details: